[Event "AUTO-OPEN-1291"]
[Site "http://www.queenalice.com/game.php?id=473504"]
[Date "2008.10.6"]
[Round "1"]
[White "KlingonWarrior"]
[Black "sativa"]
[Result "1-0"]
[WhiteElo "2231"]
[BlackElo "1675"]

1. b4 e5 2. b5 d5 3. Bb2 Bd6 4. e3 Nf6 5. Nf3 e4 6. Nd4 O-O 7. c4 dxc4 8. Bxc4
Nbd7 9. Nc3 Ne5 10. Be2 Bg4 11. Qc2 Bxe2 12. Kxe2 Qc8 13. h3 c5 14. bxc6 bxc6
15. Kf1 Rb8 16. g4 Qa6+ 17. Kg2 Nd3 18. Rab1 Rfd8 19. Qa4 Rb6 20. Qxa6 Rxa6 21.
g5 1-0

[Event "AUTO-OPEN-1292"]
[Site "http://www.queenalice.com/game.php?id=473742"]
[Date "2008.10.7"]
[Round "1"]
[White "sativa"]
[Black "XaraX"]
[Result "0-1"]
[WhiteElo "1701"]
[BlackElo "1740"]

1. e4 e5 2. Nf3 Nc6 3. Nc3 Nf6 4. d4 exd4 5. Nxd4 Nxd4 6. Qxd4 d6 7. Bc4 c5 8.
Qd3 Be7 9. Bf4 O-O 10. Rd1 Bg4 11. f3 Be6 12. Bxe6 fxe6 13. Bxd6 Bxd6 14. Qxd6
Qxd6 15. Rxd6 Kf7 16. e5 Nh5 17. Rd7+ Kg6 18. Rxb7 Kf5 19. g4+ Kxe5 20. gxh5
Rxf3 21. Rxg7 Rd8 22. Rxh7 Re3+ 23. Kf2 Rh3 24. Re1+ Kf6 25. Ne4+ Kf5 26. Rf7+
Kg4 27. Kg2 Rh8 28. Nf6+ Kh4 29. Rg7 Rf8 0-1

[Event "AUTO-OPEN-1292"]
[Site "http://www.queenalice.com/game.php?id=473743"]
[Date "2008.10.7"]
[Round "1"]
[White "XaraX"]
[Black "sativa"]
[Result "0-1"]
[WhiteElo "1822"]
[BlackElo "1696"]

1. d4 Nf6 2. c4 e6 3. Nc3 Bb4 4. Bd2 O-O 5. a3 Bxc3 6. Bxc3 Ne4 7. Qd3 d5 8. e3
Nc6 9. Nf3 Qf6 10. Be2 b6 11. O-O a5 12. cxd5 exd5 13. Nd2 Qg6 14. Bf3 Ba6 15.
Bxe4 dxe4 16. Qxe4 Qxe4 17. Nxe4 Bxf1 18. Kxf1 Ne7 19. b4 Nd5 20. Bb2 axb4 21.
axb4 Rxa1+ 22. Bxa1 Ra8 23. Bc3 f5 24. Ng3 Nxc3 25. Nxf5 Ra1# 0-1

[Event "AUTO-OPEN-1293"]
[Site "http://www.queenalice.com/game.php?id=474043"]
[Date "2008.10.7"]
[Round "1"]
[White "sativa"]
[Black "Jajer"]
[Result "0-1"]
[WhiteElo "1989"]
[BlackElo "1624"]

1. d4 g6 2. e4 d6 3. Nc3 Bg7 4. Be3 a6 5. Qd2 b5 6. h4 h5 7. O-O-O Bg4 8. f3 Bd7
9. Kb1 Nf6 10. e5 dxe5 11. dxe5 O-O 12. exf6 Bxf6 13. Ne4 Qc8 14. g4 Qb7 15. Nc5
Qc6 16. Nxd7 Nxd7 17. Qxd7 Qxd7 18. Rxd7 c6 19. Bb6 Rfc8 20. gxh5 gxh5 21. Ne2
Rab8 22. Ba5 e6 23. Nf4 e5 24. Nxh5 Bh8 25. Rg1+ Kf8 0-1

[Event "AUTO-OPEN-1293"]
[Site "http://www.queenalice.com/game.php?id=474044"]
[Date "2008.10.7"]
[Round "1"]
[White "Jajer"]
[Black "sativa"]
[Result "0-1"]
[WhiteElo "1585"]
[BlackElo "1871"]

1. e4 e5 2. Ne2 Qh4 3. d3 Bc5 4. g3 Qf6 5. Be3 Qf3 6. Bxc5 Qxh1 7. Nd2 d6 8. Be3
Nf6 9. c3 Qxh2 10. Qb3 Ng4 11. O-O-O Nxf2 12. Nf3 Qh5 13. Re1 Qxf3 14. Qa4+ Bd7
15. Qc4 Qxe3+ 16. Kc2 b5 17. Qd5 Bc6 18. Qb3 Nxd3 19. c4 Bxe4 20. Qa3 Nb4+ 21.
Kd1 Bc2# 0-1

[Event "AUTO-OPEN-1294"]
[Site "http://www.queenalice.com/game.php?id=474377"]
[Date "2008.10.8"]
[Round "1"]
[White "ClaudioMagno"]
[Black "sativa"]
[Result "1-0"]
[WhiteElo "2140"]
[BlackElo "1701"]

1. e4 e5 2. Nf3 Nc6 3. Bb5 a6 4. Ba4 Nf6 5. O-O Be7 6. c3 b5 7. Bc2 d5 8. exd5
Qxd5 9. Re1 e4 10. c4 Qh5 11. Bxe4 Nxe4 12. Rxe4 Bf5 13. Re1 O-O 14. cxb5 axb5
15. d4 Bxb1 16. Rxb1 Rxa2 17. d5 Rd8 18. Qb3 Qxd5 19. Qc2 Qc5 20. Qe4 Ra4 21. b4
Qd5 22. Qxd5 1-0

[Event "AUTO-OPEN-1294"]
[Site "http://www.queenalice.com/game.php?id=474378"]
[Date "2008.10.8"]
[Round "1"]
[White "sativa"]
[Black "ClaudioMagno"]
[Result "1-0"]
[WhiteElo "1894"]
[BlackElo "2063"]

1. d4 Nf6 2. c4 g6 3. Nc3 Bg7 4. g3 c6 5. Nf3 O-O 6. Bg2 d5 7. cxd5 cxd5 8. Ne5
e6 9. O-O Nc6 10. f4 Qb6 11. e3 Nd7 12. b3 f6 13. Nxd5 exd5 14. Bxd5+ Kh8 15.
Nxg6+ hxg6 16. Qg4 Kh7 17. f5 Nde5 18. fxg6+ Nxg6 19. Qh5+ 1-0

[Event "AUTO-OPEN-1294"]
[Site "http://www.queenalice.com/game.php?id=474397"]
[Date "2008.10.8"]
[Round "1"]
[White "sativa"]
[Black "diego2907"]
[Result "0-1"]
[WhiteElo "1622"]
[BlackElo "1802"]

1. d4 d5 2. c4 dxc4 3. Nf3 Bg4 4. Ne5 Be6 5. e4 f6 6. Qh5+ g6 7. Nxg6 Bf7 8.
Qb5+ c6 9. Qxb7 Nd7 10. Nxh8 Rb8 11. Qxc6 Be6 12. Qxe6 Qa5+ 13. Nc3 Nh6 14. Bxc4
Rb6 15. Qh3 f5 0-1

[Event "AUTO-OPEN-1294"]
[Site "http://www.queenalice.com/game.php?id=474398"]
[Date "2008.10.8"]
[Round "1"]
[White "diego2907"]
[Black "sativa"]
[Result "1-0"]
[WhiteElo "1811"]
[BlackElo "1613"]

1. e4 e5 2. Bc4 Nf6 3. Nf3 Nc6 4. Ng5 d5 5. exd5 Na5 6. Bb3 Nxb3 7. axb3 h6 8.
Nf3 e4 9. Nh4 g5 10. Ng6 fxg6 11. c4 Bc5 12. h3 O-O 13. Nc3 g4 14. hxg4 Nxg4 15.
Nxe4 1-0

[Event "AUTO-OPEN-1300"]
[Site "http://www.queenalice.com/game.php?id=476377"]
[Date "2008.10.12"]
[Round "1"]
[White "sativa"]
[Black "Bergman"]
[Result "0-1"]
[WhiteElo "1637"]
[BlackElo "2456"]

1. d4 Nf6 2. c4 e6 3. Nc3 Bb4 4. e3 O-O 5. Bd3 d5 6. Nf3 c5 7. O-O Nc6 8. a3
Bxc3 9. bxc3 b6 10. cxd5 exd5 11. Ne5 Bb7 12. Bb2 c4 13. Nxc6 Bxc6 14. Bc2 b5
0-1

[Event "AUTO-OPEN-1300"]
[Site "http://www.queenalice.com/game.php?id=476400"]
[Date "2008.10.12"]
[Round "1"]
[White "micoprego"]
[Black "sativa"]
[Result "1-0"]
[WhiteElo "1903"]
[BlackElo "1893"]

1. d4 Nf6 2. c4 g6 3. Nf3 Bg7 4. Nc3 d5 5. e3 O-O 6. cxd5 Nxd5 7. Be2 c5 8. O-O
Nxc3 9. bxc3 Qc7 10. Ba3 cxd4 11. cxd4 Nc6 12. Qc1 Bf5 13. Qd2 1-0

[Event "AUTO-OPEN-1300"]
[Site "http://www.queenalice.com/game.php?id=476401"]
[Date "2008.10.12"]
[Round "1"]
[White "sativa"]
[Black "micoprego"]
[Result "0-1"]
[WhiteElo "1850"]
[BlackElo "1919"]

1. e4 e5 2. Nf3 Nc6 3. Bc4 Nf6 4. d3 Be7 5. O-O d5 6. exd5 Nd4 7. Nxe5 O-O 8. c3
Nf5 9. Qb3 Bd6 10. Bf4 Nh5 11. Bd2 Bxe5 12. f4 Bd6 0-1